<?xml version="1.0" encoding="UTF-8"?>
<record
    xmlns:xsi="http://www.w3.org/2001/XMLSchema-instance"
    xsi:schemaLocation="http://www.loc.gov/MARC21/slim http://www.loc.gov/standards/marcxml/schema/MARC21slim.xsd"
    xmlns="http://www.loc.gov/MARC21/slim">

  <leader>01634nam a2200241Ia 4500</leader>
  <controlfield tag="008">120625s1990    mx            001 0 spa d</controlfield>
  <datafield tag="020" ind1=" " ind2=" ">
    <subfield code="a">968243792X</subfield>
  </datafield>
  <datafield tag="050" ind1=" " ind2="4">
    <subfield code="a">K75 </subfield>
    <subfield code="b">G63 1990</subfield>
  </datafield>
  <datafield tag="100" ind1="1" ind2=" ">
    <subfield code="a">Gonz&#xE1;lez, Juan Antonio</subfield>
    <subfield code="e">, autor.</subfield>
    <subfield code="9">11175</subfield>
  </datafield>
  <datafield tag="245" ind1="1" ind2="0">
    <subfield code="a">Elementos de derecho civil </subfield>
    <subfield code="c">/ Juan Antonio Gonz&#xE1;lez.</subfield>
  </datafield>
  <datafield tag="250" ind1=" " ind2=" ">
    <subfield code="a">7a. ed.</subfield>
  </datafield>
  <datafield tag="260" ind1="3" ind2=" ">
    <subfield code="a">M&#xE9;xico  </subfield>
    <subfield code="b">: Trillas</subfield>
    <subfield code="c">, 1990.</subfield>
  </datafield>
  <datafield tag="300" ind1=" " ind2=" ">
    <subfield code="a">208 p&#xE1;ginas.</subfield>
  </datafield>
  <datafield tag="336" ind1=" " ind2=" ">
    <subfield code="a">Texto</subfield>
  </datafield>
  <datafield tag="337" ind1=" " ind2=" ">
    <subfield code="a">Sin medio</subfield>
  </datafield>
  <datafield tag="338" ind1=" " ind2=" ">
    <subfield code="a">Volumen</subfield>
  </datafield>
  <datafield tag="500" ind1=" " ind2=" ">
    <subfield code="a">Corregido y puesto al d&#xED;a por: Jos&#xE9; Antonio Gonz&#xE1;lez Garc&#xED;a y Ana Luisa Gonz&#xE1;lezdel Mazo  (marzo del 2001)</subfield>
  </datafield>
  <datafield tag="500" ind1=" " ind2=" ">
    <subfield code="a">Portada: La ley, los actos jur&#xED;dicos, personas morales o jur&#xED;dicas, registro civil, los derechos reales, las obligaciones. \Contiene: Bibliograf&#xED;a e &#xED;ndice anal&#xED;tico</subfield>
  </datafield>
  <datafield tag="505" ind1="1" ind2=" ">
    <subfield code="a">El hombre y la sociedad
Normatividad de la conducta humana 
La ley
Fuentes del derecho
Clasificaci&#xF3;n general del derecho
Actos jur&#xED;dicos , personas - morales o jur&#xED;dicas
Incapacidad 
Registro civil
La familia
Patria potestad 
Tutela ; m
Matrimonio
Pensi&#xF3;n alimenticia 
Bienes 
Derechos reales
La propiedad
Los dem&#xE1;s derechos reales y la posesi&#xF3;n
Las obligaciones
Las fuentes de las obligaciones 
Clasificaci&#xF3;n general de las obligaciones
Efectos de las obligaciones
Transmisi&#xF3;n de las obligaciones
Medios de extinci&#xF3;n de las obligaciones
Contratos - en particular
Transmisores del dominio
Transmisores del uso 
De prestaci&#xF3;n de servicios
Para la realizaci&#xF3;n
Aleatorios 
De garant&#xED;a </subfield>
  </datafield>
  <datafield tag="519" ind1=" " ind2=" ">
    <subfield code="a">Educaci&#xF3;n mixta /</subfield>
    <subfield code="b">Derecho /</subfield>
    <subfield code="c">Derecho civil II (P06-2) /</subfield>
    <subfield code="d">(04 005178)</subfield>
  </datafield>
  <datafield tag="650" ind1="1" ind2="4">
    <subfield code="a">DERECHO CIVIL</subfield>
    <subfield code="9">1252</subfield>
  </datafield>
  <datafield tag="942" ind1=" " ind2=" ">
    <subfield code="c">LB</subfield>
  </datafield>
  <datafield tag="952" ind1=" " ind2=" ">
    <subfield code="0">0</subfield>
    <subfield code="1">0</subfield>
    <subfield code="4">0</subfield>
    <subfield code="7">0</subfield>
    <subfield code="a">04</subfield>
    <subfield code="b">04</subfield>
    <subfield code="d">2007-06-13</subfield>
    <subfield code="l">1</subfield>
    <subfield code="o">K75 G63 1990</subfield>
    <subfield code="p">04 000750</subfield>
    <subfield code="r">2013-05-22</subfield>
    <subfield code="s">2012-11-20</subfield>
    <subfield code="t">1</subfield>
    <subfield code="w">2012-06-24</subfield>
    <subfield code="y">LB</subfield>
  </datafield>
  <datafield tag="952" ind1=" " ind2=" ">
    <subfield code="0">0</subfield>
    <subfield code="1">0</subfield>
    <subfield code="4">0</subfield>
    <subfield code="7">0</subfield>
    <subfield code="a">04</subfield>
    <subfield code="b">04</subfield>
    <subfield code="d">2008-11-28</subfield>
    <subfield code="l">10</subfield>
    <subfield code="m">2</subfield>
    <subfield code="o">K75 G63 1990</subfield>
    <subfield code="p">04 002458</subfield>
    <subfield code="r">2015-01-26</subfield>
    <subfield code="s">2015-01-26</subfield>
    <subfield code="t">2</subfield>
    <subfield code="w">2012-06-24</subfield>
    <subfield code="y">LB</subfield>
  </datafield>
  <datafield tag="952" ind1=" " ind2=" ">
    <subfield code="0">0</subfield>
    <subfield code="1">0</subfield>
    <subfield code="4">0</subfield>
    <subfield code="7">0</subfield>
    <subfield code="a">04</subfield>
    <subfield code="b">04</subfield>
    <subfield code="d">2009-01-20</subfield>
    <subfield code="l">9</subfield>
    <subfield code="o">K75 G63 1990</subfield>
    <subfield code="p">04 002461</subfield>
    <subfield code="r">2018-07-12</subfield>
    <subfield code="s">2018-07-12</subfield>
    <subfield code="t">3</subfield>
    <subfield code="w">2012-06-24</subfield>
    <subfield code="y">LB</subfield>
  </datafield>
  <datafield tag="952" ind1=" " ind2=" ">
    <subfield code="0">0</subfield>
    <subfield code="1">0</subfield>
    <subfield code="4">0</subfield>
    <subfield code="7">0</subfield>
    <subfield code="a">04</subfield>
    <subfield code="b">04</subfield>
    <subfield code="d">2011-03-22</subfield>
    <subfield code="l">12</subfield>
    <subfield code="o">K75 G63 1990</subfield>
    <subfield code="p">04 003137</subfield>
    <subfield code="r">2020-02-04</subfield>
    <subfield code="s">2020-02-04</subfield>
    <subfield code="t">4</subfield>
    <subfield code="w">2012-06-24</subfield>
    <subfield code="y">LB</subfield>
  </datafield>
  <datafield tag="952" ind1=" " ind2=" ">
    <subfield code="0">0</subfield>
    <subfield code="1">0</subfield>
    <subfield code="4">0</subfield>
    <subfield code="7">0</subfield>
    <subfield code="a">04</subfield>
    <subfield code="b">04</subfield>
    <subfield code="d">2015-05-20</subfield>
    <subfield code="l">1</subfield>
    <subfield code="o">K75 G63 1990 R2003</subfield>
    <subfield code="p">04 005178</subfield>
    <subfield code="r">2016-07-22</subfield>
    <subfield code="s">2016-07-20</subfield>
    <subfield code="t">5</subfield>
    <subfield code="w">2015-05-20</subfield>
    <subfield code="y">LB</subfield>
  </datafield>
  <datafield tag="999" ind1=" " ind2=" ">
    <subfield code="c">61850</subfield>
    <subfield code="d">61850</subfield>
  </datafield>
</record>
